[Event "Cto. FACV Ind. Absoluto Xixona 2014"]
[Site "Xixona ESP"]
[Date "2014.09.27"]
[Round "1.1"]
[White "Fernandez Mira, Alonso"]
[Black "Campos Gambuti, Luis Maria"]
[Result "0-1"]
[WhiteElo "1946"]
[BlackElo "2456"]
[PlyCount "36"]
[EventDate "2014.09.27"]
[EventType "swiss"]
[EventRounds "7"]
[EventCountry "ESP"]
[Source "lmi"]
[SourceDate "2014.09.27"]

1. d4 g6 2. c4 Bg7 3. Nc3 c5 4. Nf3 cxd4 5. Nxd4 Nc6 6. e3 Nh6 7. Be2 O-O 8.
O-O f5 9. Qc2 Nf7 10. Rd1 d6 11. Bf3 Bd7 12. Bd5 Qc8 13. b3 Nb4 14. Bxf7+ Rxf7
15. Qd2 f4 16. Nd5 Nxd5 17. cxd5 f3 18. g3 Bb5 0-1

[Event "Cto. FACV Ind. Absoluto Xixona 2014"]
[Site "Xixona ESP"]
[Date "2014.09.27"]
[Round "1.2"]
[White "Arias Igual, Alejandro"]
[Black "Tonus, Alex"]
[Result "1-0"]
[WhiteElo "2276"]
[BlackElo "1944"]
[PlyCount "139"]
[EventDate "2014.09.27"]
[EventType "swiss"]
[EventRounds "7"]
[EventCountry "ESP"]
[Source "lmi"]
[SourceDate "2014.09.27"]

1. d4 Nf6 2. Nf3 g6 3. Bg5 Bg7 4. Nbd2 d6 5. e4 O-O 6. Be2 Nbd7 7. O-O h6 8.
Bh4 e5 9. dxe5 Nxe5 10. Nxe5 dxe5 11. c3 Qe7 12. Re1 b6 13. Qc2 Bb7 14. a4 a5
15. f3 Rac8 16. Nc4 Rfd8 17. Rab1 Rd7 18. b4 axb4 19. cxb4 Rcd8 20. Red1 Rxd1+
21. Bxd1 g5 22. Bf2 Ne8 23. a5 bxa5 24. Nxa5 Ba8 25. Nc6 Bxc6 26. Qxc6 Qd6 27.
Qxd6 Nxd6 28. Be2 Bf8 29. g3 Rb8 30. b5 Nc8 31. Be3 Bd6 32. Kg2 Nb6 33. Ra1 Kf8
34. Bd3 Ke7 35. Kh3 Kf6 36. Kg4 Rb7 37. Ra6 Rb8 38. h4 gxh4 39. Kxh4 Kg7 40. g4
Nd7 41. Rc6 Rb7 42. Kg3 Nb6 43. Rc1 Nd7 44. Rh1 Nc5 45. Bc4 Na4 46. Bxh6+ Kg6
47. Be3 Nc3 48. b6 Kg7 49. Rc1 Na4 50. Bd5 Rxb6 51. Bxb6 Nxb6 52. g5 Nxd5 53.
exd5 Kg6 54. Kg4 f6 55. gxf6 Kxf6 56. Kh5 Kf5 57. Rc4 Kf6 58. Kh6 Bf8+ 59. Kh7
Bd6 60. Kg8 Kg6 61. Re4 Kf6 62. Rg4 Bc5 63. Rg7 Bd6 64. Kh7 Kf5 65. Rf7+ Kg5
66. Kg7 Kh4 67. Kf6 Kg3 68. Ke6 Kf2 69. Kd7 Ke3 70. Rf6 1-0

[Event "Cto. FACV Ind. Absoluto Xixona 2014"]
[Site "Xixona ESP"]
[Date "2014.09.27"]
[Round "1.3"]
[White "Perez Pardo, Sergio Ivan"]
[Black "Cano Gimenez, Vicente"]
[Result "0-1"]
[WhiteElo "1923"]
[BlackElo "2265"]
[PlyCount "72"]
[EventDate "2014.09.27"]
[EventType "swiss"]
[EventRounds "7"]
[EventCountry "ESP"]
[Source "lmi"]
[SourceDate "2014.09.27"]

1. e4 c5 2. Nf3 g6 3. d4 cxd4 4. Nxd4 Nc6 5. c4 Nf6 6. Nc3 d6 7. Be2 Nxd4 8.
Qxd4 Bg7 9. Be3 O-O 10. Qd2 Be6 11. Rc1 Qa5 12. b3 Rfc8 13. f3 Nd7 14. O-O a6
15. Bd4 Rc7 16. Rc2 Rac8 17. Rfc1 Qb4 18. Bxg7 Kxg7 19. Qd4+ Kg8 20. Kf2 b5 21.
Ke3 bxc4 22. Nd5 Bxd5 23. exd5 Nb6 24. bxc4 Rc5 25. Bd3 Qa3 26. Ke2 Nd7 27. f4
Nf6 28. f5 Qa4 29. Qb2 Nd7 30. fxg6 hxg6 31. Rc3 Ne5 32. Ra3 Qd7 33. Qd4 e6 34.
Rxa6 exd5 35. Rf1 dxc4 36. Rf6 cxd3+ 0-1

[Event "Cto. FACV Ind. Absoluto Xixona 2014"]
[Site "Xixona ESP"]
[Date "2014.09.27"]
[Round "1.4"]
[White "Bendayan Claros, Aaron"]
[Black "Galiana Fernandez, Adrian"]
[Result "1-0"]
[WhiteElo "2216"]
[BlackElo "1921"]
[PlyCount "47"]
[EventDate "2014.09.27"]
[EventType "swiss"]
[EventRounds "7"]
[EventCountry "ESP"]
[Source "lmi"]
[SourceDate "2014.09.27"]

1. d4 d5 2. Nf3 Nf6 3. c4 c6 4. Nc3 e6 5. Bf4 Nbd7 6. e3 Qa5 7. Nd2 Bb4 8. Qb3
Ne4 9. Ndxe4 dxe4 10. Be2 O-O 11. O-O Bxc3 12. bxc3 e5 13. Bg3 Re8 14. c5 exd4
15. cxd4 Nf8 16. f3 exf3 17. Rxf3 Bg4 18. Qxf7+ Kh8 19. Be5 Ne6 20. Rg3 Rf8 21.
Qxb7 Rfb8 22. Bxb8 Bxe2 23. Be5 Rg8 24. Qb3 1-0

[Event "Cto. FACV Ind. Absoluto Xixona 2014"]
[Site "Xixona ESP"]
[Date "2014.09.27"]
[Round "1.5"]
[White "Sanchez Dengra, Barbara"]
[Black "Sanchez Barbado, Carlos"]
[Result "0-1"]
[WhiteElo "1913"]
[BlackElo "2197"]
[PlyCount "42"]
[EventDate "2014.09.27"]
[EventType "swiss"]
[EventRounds "7"]
[EventCountry "ESP"]
[Source "lmi"]
[SourceDate "2014.09.27"]

1. e4 c5 2. Nf3 e6 3. d4 cxd4 4. Nxd4 Nf6 5. Nc3 Nc6 6. a3 d5 7. Bb5 Bd7 8.
exd5 Nxd5 9. Nxd5 exd5 10. O-O Be7 11. Ne2 Bg4 12. h3 Bh5 13. Qd2 O-O 14. Nf4
Bg6 15. Nxd5 a6 16. Nxe7+ Qxe7 17. Ba4 Rad8 18. Re1 Rxd2 19. Rxe7 Rd1+ 20. Kh2
Nxe7 21. c4 Rf1 0-1

[Event "Cto. FACV Ind. Absoluto Xixona 2014"]
[Site "Xixona ESP"]
[Date "2014.09.27"]
[Round "1.6"]
[White "Garcia Ramos, Marcos"]
[Black "Perez Gisbert, Santiago"]
[Result "1-0"]
[WhiteElo "2141"]
[BlackElo "1892"]
[PlyCount "107"]
[EventDate "2014.09.27"]
[EventType "swiss"]
[EventRounds "7"]
[EventCountry "ESP"]
[Source "lmi"]
[SourceDate "2014.09.27"]

1. e4 e6 2. d4 d5 3. Nc3 Bb4 4. e5 c5 5. Bd2 Bxc3 6. Bxc3 Nc6 7. Nf3 b6 8. Bd3
Nge7 9. O-O Nf5 10. Bxf5 exf5 11. Re1 O-O 12. Qd2 Be6 13. Rad1 Qc7 14. h4 Rac8
15. Qe3 Qe7 16. Re2 Rc7 17. Qf4 Rfc8 18. Kh2 Nb8 19. Bd2 Nd7 20. c3 Nf8 21. Qg3
Kh8 22. Be3 h6 23. Ng1 cxd4 24. Bxd4 Ng6 25. Nh3 Nxh4 26. f4 Ng6 27. Rh1 Rc4
28. Kg1 Kg8 29. Nf2 Qd7 30. Nd1 Qb5 31. Rd2 R4c7 32. Ne3 Qa4 33. a3 Qc6 34. Qh2
Qd7 35. Rc2 Ne7 36. Qh5 Nc6 37. Rd2 Nxd4 38. Rxd4 Qb5 39. Rd2 Qc6 40. Rd4 Qb5
41. Rd2 Qc5 42. Qe2 a5 43. Rd4 b5 44. Qd2 Rb8 45. Kf2 Rcb7 46. g4 fxg4 47. f5
Bd7 48. f6 g3+ 49. Kg2 Rb6 50. Ng4 Bxg4 51. Rxg4 d4 52. Rxg7+ Kf8 53. Rg8+ Kxg8
54. Qxh6 1-0

[Event "Cto. FACV Ind. Absoluto Xixona 2014"]
[Site "Xixona ESP"]
[Date "2014.09.27"]
[Round "1.7"]
[White "Navarro Molina, Carmelo Jose"]
[Black "Beltra Garcia, Ruben"]
[Result "0-1"]
[WhiteElo "1887"]
[BlackElo "2116"]
[PlyCount "46"]
[EventDate "2014.09.27"]
[EventType "swiss"]
[EventRounds "7"]
[EventCountry "ESP"]
[Source "lmi"]
[SourceDate "2014.09.27"]

1. d4 Nf6 2. c4 e6 3. g3 d5 4. Nf3 c6 5. Bg2 Nbd7 6. Qc2 dxc4 7. O-O Bd6 8.
Qxc4 O-O 9. Nbd2 Qe7 10. b3 e5 11. Bb2 e4 12. Ne5 e3 13. Ndf3 exf2+ 14. Kh1 Ne4
15. Qd3 Ndf6 16. Nh4 Be6 17. Nc4 Rfe8 18. Nd2 Bd5 19. Nf5 Qd7 20. Nxd6 Qxd6 21.
Nxe4 Nxe4 22. Bc1 Qe6 23. h3 Nc5 0-1

[Event "Cto. FACV Ind. Absoluto Xixona 2014"]
[Site "Xixona ESP"]
[Date "2014.09.27"]
[Round "1.8"]
[White "Varga, Mariano"]
[Black "Perez Pardo, Adrian Jason"]
[Result "1-0"]
[WhiteElo "2083"]
[BlackElo "1836"]
[PlyCount "61"]
[EventDate "2014.09.27"]
[EventType "swiss"]
[EventRounds "7"]
[EventCountry "ESP"]
[Source "lmi"]
[SourceDate "2014.09.27"]

1. d4 Nf6 2. c4 e6 3. Nc3 d5 4. cxd5 exd5 5. Bg5 Be7 6. e3 Bf5 7. Qb3 b6 8.
Bxf6 Bxf6 9. Qxd5 Qxd5 10. Nxd5 Bd8 11. Be2 Nd7 12. Rc1 c5 13. Nf3 O-O 14. O-O
Be4 15. Nc3 Bb7 16. Bb5 cxd4 17. Nxd4 Ne5 18. Nf5 a6 19. Be2 b5 20. Rfd1 Bb6
21. Nd6 Bc6 22. Nd5 Bxd5 23. Rxd5 Rad8 24. Rcd1 Bc7 25. a4 bxa4 26. Bxa6 f6 27.
Nb5 Bb6 28. Rxd8 Rxd8 29. Rxd8+ Bxd8 30. Nc3 Ba5 31. Nxa4 1-0

[Event "Cto. FACV Ind. Absoluto Xixona 2014"]
[Site "Xixona ESP"]
[Date "2014.09.27"]
[Round "1.9"]
[White "Pastor Briones, Jose"]
[Black "Serarols Mabras, Bernat"]
[Result "0-1"]
[WhiteElo "1823"]
[BlackElo "2076"]
[PlyCount "108"]
[EventDate "2014.09.27"]
[EventType "swiss"]
[EventRounds "7"]
[EventCountry "ESP"]
[Source "lmi"]
[SourceDate "2014.09.27"]

1. e4 c6 2. d3 d5 3. exd5 cxd5 4. g3 Nc6 5. Bg2 Nf6 6. Ne2 Bg4 7. O-O Qd7 8. a3
Bh3 9. Nbc3 Bxg2 10. Kxg2 h5 11. Bg5 h4 12. gxh4 d4 13. Ne4 Nxe4 14. dxe4 f6
15. Bf4 Rxh4 16. f3 Qh3+ 17. Kg1 Rd8 18. Bg3 Rh6 19. Nf4 Qd7 20. Nd5 e6 21. Nf4
g5 22. Nd3 Bd6 23. Kg2 Bxg3 24. hxg3 g4 25. fxg4 Qh7 26. Rh1 Rxh1 27. Qxh1
Qxe4+ 28. Kf2 Qxg4 29. Qh8+ Kf7 30. Qh7+ Qg7 31. Qxg7+ Kxg7 32. Nc5 Kf7 33.
Nxb7 Rb8 34. Nd6+ Kg6 35. Nc4 e5 36. Kf3 Rb5 37. b4 a5 38. bxa5 Rc5 39. Nd6
Nxa5 40. Ra2 f5 41. a4 Rc3+ 42. Kf2 Kg5 43. Nf7+ Kf6 44. Nd6 Ke6 45. Nb5 Rc4
46. Ke2 e4 47. Kd2 Ke5 48. c3 dxc3+ 49. Nxc3 Nb3+ 50. Kc2 Kd4 51. Kb2 Rxc3 52.
a5 Nc5 53. a6 Nxa6 54. Rxa6 Rxg3 0-1

[Event "Cto. FACV Ind. Absoluto Xixona 2014"]
[Site "Xixona ESP"]
[Date "2014.09.27"]
[Round "1.10"]
[White "Ramos Ferrandiz, Juan Carlos"]
[Black "Esquerdo Nogueroles, Jaime"]
[Result "1/2-1/2"]
[WhiteElo "2075"]
[BlackElo "1768"]
[PlyCount "90"]
[EventDate "2014.09.27"]
[EventType "swiss"]
[EventRounds "7"]
[EventCountry "ESP"]
[Source "lmi"]
[SourceDate "2014.09.27"]

1. Nf3 c5 2. c4 Nc6 3. Nc3 g6 4. g3 Bg7 5. Bg2 d6 6. O-O Bd7 7. d3 Nf6 8. h3
Rb8 9. Be3 O-O 10. Qd2 Re8 11. Bh6 Bh8 12. Rad1 a6 13. Ng5 Nd4 14. Nge4 b5 15.
b3 Nxe4 16. Nxe4 bxc4 17. dxc4 a5 18. g4 a4 19. e3 Ne6 20. f4 Bg7 21. Bxg7 Nxg7
22. Nxc5 dxc5 23. Qxd7 Qxd7 24. Rxd7 axb3 25. axb3 Rxb3 26. f5 gxf5 27. gxf5
Rxe3 28. f6 Nh5 29. fxe7 R8xe7 30. Rxe7 Rxe7 31. Rf5 Ng7 32. Rxc5 Ne6 33. Re5
Rc7 34. Bd5 Kg7 35. Kf2 Nf4 36. Kg3 Nxd5 37. cxd5 f6 38. Re3 Ra7 39. Rd3 f5 40.
Kf4 Kf6 41. h4 h5 42. d6 Ke6 43. Rc3 Kf6 44. Rd3 Ke6 45. Kg5 Rd7 1/2-1/2

[Event "Cto. FACV Ind. Absoluto Xixona 2014"]
[Site "Xixona ESP"]
[Date "2014.10.04"]
[Round "2.1"]
[White "Campos Gambuti, Luis Maria"]
[Black "Beltra Garcia, Ruben"]
[Result "0-1"]
[WhiteElo "2456"]
[BlackElo "2116"]
[PlyCount "50"]
[EventDate "2014.09.27"]
[EventType "swiss"]
[EventRounds "7"]
[EventCountry "ESP"]
[Source "lmi"]
[SourceDate "2014.09.27"]

1. e4 e5 2. Nf3 Nc6 3. Nc3 Nf6 4. a3 d5 5. Bb5 Bg4 6. exd5 Nxd5 7. h3 Nxc3 8.
bxc3 Bh5 9. Qe2 Bd6 10. g4 Bg6 11. Nxe5 O-O 12. Nxc6 bxc6 13. Bxc6 Rb8 14. d4
Rb6 15. Ba4 Qh4 16. Qf3 f5 17. Be3 h5 18. gxf5 Rxf5 19. Qg2 Bf4 20. Bb3+ Kh8
21. O-O-O Bxe3+ 22. fxe3 Rxb3 23. cxb3 Rf2 24. Qg1 Rc2+ 25. Kb1 Rg2+ 0-1

[Event "Cto. FACV Ind. Absoluto Xixona 2014"]
[Site "Xixona ESP"]
[Date "2014.10.04"]
[Round "2.2"]
[White "Serarols Mabras, Bernat"]
[Black "Arias Igual, Alejandro"]
[Result "1/2-1/2"]
[WhiteElo "2076"]
[BlackElo "2276"]
[PlyCount "92"]
[EventDate "2014.09.27"]
[EventType "swiss"]
[EventRounds "7"]
[EventCountry "ESP"]
[Source "lmi"]
[SourceDate "2014.09.27"]

1. d4 d5 2. c4 e6 3. Nc3 c5 4. cxd5 exd5 5. Nf3 Nc6 6. g3 Nf6 7. Bg2 Be7 8. O-O
O-O 9. Bg5 c4 10. Ne5 Be6 11. Nxc6 bxc6 12. b3 h6 13. Bxf6 Bxf6 14. bxc4 dxc4
15. e3 Qa5 16. Qd2 Rac8 17. Rac1 Be7 18. Nb1 Bb4 19. Qc2 Rfd8 20. Rfd1 Bg4 21.
f3 Be6 22. Bf1 c5 23. d5 Bxd5 24. e4 Bc6 25. Bxc4 Ba4 26. Bb3 Rxd1+ 27. Rxd1
Bxb3 28. axb3 c4 29. bxc4 Qc5+ 30. Kg2 a5 31. Rd5 Qc6 32. c5 Bxc5 33. Qc4 Bb6
34. Qd3 Qc2+ 35. Nd2 Qxd3 36. Rxd3 Rc2 37. Kf1 a4 38. Ke2 Ba5 39. Kd1 Rxd2+ 40.
Rxd2 Bxd2 41. Kxd2 g5 42. Kc3 Kg7 43. Kb4 Kf6 44. f4 gxf4 45. gxf4 Kg6 46. Kxa4
Kh5 1/2-1/2

[Event "Cto. FACV Ind. Absoluto Xixona 2014"]
[Site "Xixona ESP"]
[Date "2014.10.04"]
[Round "2.3"]
[White "Cano Gimenez, Vicente"]
[Black "Varga, Mariano"]
[Result "1-0"]
[WhiteElo "2265"]
[BlackElo "2083"]
[PlyCount "75"]
[EventDate "2014.09.27"]
[EventType "swiss"]
[EventRounds "7"]
[EventCountry "ESP"]
[Source "lmi"]
[SourceDate "2014.09.27"]

1. Nf3 c5 2. c4 b6 3. g3 Bb7 4. Bg2 e6 5. Nc3 a6 6. O-O Nf6 7. b3 Be7 8. Bb2 d6
9. d4 cxd4 10. Nxd4 Bxg2 11. Kxg2 Qc7 12. e3 O-O 13. f4 Qb7+ 14. Qf3 Qxf3+ 15.
Kxf3 Rc8 16. f5 e5 17. Nde2 Nbd7 18. Ba3 Nc5 19. Bxc5 Rxc5 20. Rfd1 b5 21. Nd5
bxc4 22. Nxe7+ Kf8 23. b4 e4+ 24. Kf4 Re5 25. Nc6 Nd5+ 26. Rxd5 Rxd5 27. Ned4
Re8 28. Rc1 h5 29. h3 g6 30. g4 h4 31. Kg5 gxf5 32. gxf5 Kg7 33. Kxh4 Kf6 34.
Rxc4 Rg8 35. Rc1 Rg2 36. a3 Rd2 37. Kg4 Rd3 38. Kf4 1-0

[Event "Cto. FACV Ind. Absoluto Xixona 2014"]
[Site "Xixona ESP"]
[Date "2014.10.04"]
[Round "2.4"]
[White "Del Valle Domenech, Rafael"]
[Black "Bendayan Claros, Aaron"]
[Result "0-1"]
[WhiteElo "2013"]
[BlackElo "2216"]
[PlyCount "74"]
[EventDate "2014.09.27"]
[EventType "swiss"]
[EventRounds "7"]
[EventCountry "ESP"]
[Source "lmi"]
[SourceDate "2014.09.27"]

1. d4 d5 2. c4 c6 3. Nc3 Nf6 4. Bg5 Ne4 5. Nxe4 dxe4 6. a3 Be6 7. Rc1 g6 8. Qd2
Bg7 9. e3 O-O 10. Ne2 h6 11. Bh4 f5 12. Nc3 Nd7 13. Bg3 Bf7 14. Be2 e5 15. O-O
exd4 16. exd4 Nb6 17. c5 Nc4 18. Bxc4 Bxc4 19. Rfd1 Bb3 20. Bd6 Bxd1 21. Bxf8
Qxf8 22. Rxd1 Rd8 23. Ne2 Rd7 24. h3 Qf7 25. Qf4 Qc4 26. Rd2 Kh7 27. g4 fxg4
28. Qxg4 Rd5 29. Qxe4 Re5 30. Qg4 h5 31. Qf3 Rf5 32. Qd3 Qf7 33. Ng3 Rf3 34.
Qe2 Rf4 35. Nf1 Bh6 36. Rd3 Rh4 37. d5 Ra4 0-1

[Event "Cto. FACV Ind. Absoluto Xixona 2014"]
[Site "Xixona ESP"]
[Date "2014.10.04"]
[Round "2.5"]
[White "Sanchez Barbado, Carlos"]
[Black "Esquerdo Nogueroles, Gaspar"]
[Result "1-0"]
[WhiteElo "2197"]
[BlackElo "1959"]
[PlyCount "82"]
[EventDate "2014.09.27"]
[EventType "swiss"]
[EventRounds "7"]
[EventCountry "ESP"]
[Source "lmi"]
[SourceDate "2014.09.27"]

1. e4 c5 2. Nc3 d6 3. f4 Nc6 4. Nf3 e6 5. Bb5 Bd7 6. O-O Qc7 7. f5 O-O-O 8.
Bxc6 Qxc6 9. d4 Be7 10. d5 Qc7 11. fxe6 fxe6 12. Ng5 Bxg5 13. Bxg5 Re8 14. Rf7
Qb6 15. dxe6 Bxe6 16. Nd5 Bxd5 17. Qxd5 Nf6 18. Bxf6 gxf6 19. Rd1 Rhg8 20. Rxh7
Qc6 21. Qxc6+ bxc6 22. Rxa7 Kb8 23. Ra4 Re6 24. Rd3 Rg4 25. Rb3+ Kc7 26. Ra7+
Kc8 27. Rh3 Kb8 28. Rf7 Rgxe4 29. Rh8+ Re8 30. Rxe8+ Rxe8 31. Kf2 Re6 32. g4
Kc8 33. h4 Kd8 34. Kf3 Ke8 35. Rc7 d5 36. h5 Kf8 37. a4 d4 38. h6 Kg8 39. b3
Re3+ 40. Kf4 Rc3 41. Kf5 Rg3 1-0

[Event "Cto. FACV Ind. Absoluto Xixona 2014"]
[Site "Xixona ESP"]
[Date "2014.10.04"]
[Round "2.6"]
[White "Cartagena Valero, Ricardo"]
[Black "Garcia Ramos, Marcos"]
[Result "0-1"]
[WhiteElo "1655"]
[BlackElo "2141"]
[PlyCount "112"]
[EventDate "2014.09.27"]
[EventType "swiss"]
[EventRounds "7"]
[EventCountry "ESP"]
[Source "lmi"]
[SourceDate "2014.09.27"]

1. e4 c5 2. Nc3 a6 3. a4 b6 4. Bc4 e6 5. f4 Bb7 6. d3 d5 7. exd5 exd5 8. Ba2
Nf6 9. Nf3 Be7 10. O-O Nc6 11. Qe2 O-O 12. Bd2 Re8 13. Qf2 Nb4 14. Bb1 d4 15.
Ne2 Nbd5 16. Ng3 Ng4 17. Qe1 Bd6 18. Ne5 Nge3 19. Bxe3 Nxe3 20. Rf2 Bxe5 21.
fxe5 Rxe5 22. Re2 Nxg2 23. Qf2 Rxe2 24. Qxe2 Nf4 25. Qg4 Qg5 26. Qxg5 Nh3+ 27.
Kf1 Nxg5 28. Ba2 g6 29. Kf2 Re8 30. Ne2 Nh3+ 31. Kf1 Kg7 32. c3 dxc3 33. bxc3
Bc6 34. Bb3 Re3 35. d4 Nf4 36. Bd1 Nxe2 37. Bxe2 Rxc3 38. dxc5 Rxc5 39. Bxa6
Ra5 40. Bd3 Rxa4 41. Rb1 b5 42. Bxb5 Bxb5+ 43. Rxb5 Ra2 44. Kg1 f6 45. h4 Ra4
46. h5 Rh4 47. hxg6 hxg6 48. Kg2 Kh6 49. Kg3 Ra4 50. Rb6 Kg5 51. Rb5+ f5 52.
Rb3 Ra6 53. Rf3 f4+ 54. Rxf4 Ra3+ 55. Rf3 Rxf3+ 56. Kxf3 Kh4 0-1

[Event "Cto. FACV Ind. Absoluto Xixona 2014"]
[Site "Xixona ESP"]
[Date "2014.10.04"]
[Round "2.7"]
[White "Gimenez Perez, Jaime"]
[Black "Ramos Ferrandiz, Juan Carlos"]
[Result "0-1"]
[WhiteElo "1601"]
[BlackElo "2075"]
[PlyCount "80"]
[EventDate "2014.09.27"]
[EventType "swiss"]
[EventRounds "7"]
[EventCountry "ESP"]
[Source "lmi"]
[SourceDate "2014.09.27"]

1. e4 c6 2. Nf3 d5 3. Nc3 Bg4 4. Be2 e6 5. d3 Nd7 6. h3 Bh5 7. Be3 dxe4 8. Nxe4
Ngf6 9. Ng3 Bg6 10. Nh4 Nd5 11. Nxg6 Nxe3 12. fxe3 hxg6 13. Ne4 f5 14. Nf2 Qh4
15. Bf3 O-O-O 16. Qe2 Bb4+ 17. c3 Bd6 18. O-O-O Bg3 19. Rhf1 Qa4 20. Kb1 Ne5
21. d4 Nxf3 22. Qxf3 Bxf2 23. Qxf2 Qb5 24. Qg3 Rh6 25. b3 Qd5 26. c4 Qe4+ 27.
Kb2 Rh4 28. d5 c5 29. d6 Kd7 30. Qxg6 Qe5+ 31. Ka3 Qf6 32. Qg3 Re4 33. Qf3 Qc3
34. Qe2 Rxe3 35. Qh5 Kc6 36. d7 Qxc4 37. Rc1 Qa6+ 38. Kb2 Re2+ 39. Kc3 Qa5+ 40.
Kd3 Qd2+ 0-1

[Event "Cto. FACV Ind. Absoluto Xixona 2014"]
[Site "Xixona ESP"]
[Date "2014.10.04"]
[Round "2.8"]
[White "Esquerdo Nogueroles, Jaime"]
[Black "Gomez Sanjuan, Hector Fernando"]
[Result "0-1"]
[WhiteElo "1768"]
[BlackElo "1953"]
[PlyCount "71"]
[EventDate "2014.09.27"]
[EventType "swiss"]
[EventRounds "7"]
[EventCountry "ESP"]
[Source "lmi"]
[SourceDate "2014.09.27"]

1. e4 g6 2. Nc3 Bg7 3. f4 c5 4. Nf3 d6 5. Bc4 Nc6 6. O-O e6 7. d3 Nge7 8. Qe1
O-O 9. Qh4 d5 10. Bb3 Na5 11. f5 exf5 12. Bh6 Nxb3 13. axb3 fxe4 14. Ng5 Nf5
15. Rxf5 Bxf5 16. Bxg7 Kxg7 17. Qxh7+ Kf6 18. Qh4 Rh8 19. Ngxe4+ Kg7 20. Qxd8
Rhxd8 21. Nxc5 b6 22. Na6 Rac8 23. Rc1 d4 24. Ne2 Kf6 25. h3 Be6 26. Kf2 Rd5
27. Nb4 Rb5 28. Na2 Ke5 29. Ke1 a5 30. Kd2 a4 31. Re1 Rbc5 32. Nec3+ Kf5 33.
Rf1+ Ke5 34. Re1+ Kf4 35. g3+ Kf3 36. Rf1+ 0-1

[Event "Cto. FACV Ind. Absoluto Xixona 2014"]
[Site "Xixona ESP"]
[Date "2014.10.04"]
[Round "2.10"]
[White "Tonus, Alex"]
[Black "Navarro Molina, Carmelo Jose"]
[Result "1/2-1/2"]
[WhiteElo "1944"]
[BlackElo "1887"]
[PlyCount "118"]
[EventDate "2014.09.27"]
[EventType "swiss"]
[EventRounds "7"]
[EventCountry "ESP"]
[Source "lmi"]
[SourceDate "2014.09.27"]

1. e4 c5 2. Nf3 e6 3. d4 cxd4 4. Nxd4 a6 5. Nc3 b5 6. Bd3 Qb6 7. Be3 Bc5 8. Be2
Nc6 9. Nxc6 dxc6 10. Bxc5 Qxc5 11. O-O Nf6 12. Qd3 O-O 13. Rfd1 e5 14. Bf3 Be6
15. Qd6 Qxd6 16. Rxd6 Rfc8 17. Rad1 Kf8 18. Kf1 Ke7 19. a3 a5 20. b3 Nd7 21. a4
b4 22. Ne2 Nc5 23. Ng3 g6 24. R6d2 Rd8 25. Rxd8 Rxd8 26. Rxd8 Kxd8 27. Bd1 Kc7
28. Ke2 Kd6 29. f3 Nd7 30. Kd2 c5 31. Be2 Nb6 32. Bb5 c4 33. bxc4 Bxc4 34. Be8
Ke7 35. Bc6 Be6 36. Ne2 Bd7 37. Bxd7 Kxd7 38. Nc1 Nc4+ 39. Ke2 Kc6 40. Nd3 f6
41. h4 Nb6 42. Nb2 Kc5 43. Kd3 f5 44. exf5 gxf5 45. g4 fxg4 46. fxg4 Kd5 47. g5
e4+ 48. Ke3 Ke5 49. h5 Nd7 50. Kd2 Kd4 51. g6 hxg6 52. hxg6 e3+ 53. Kd1 Kc3 54.
g7 Nf6 55. Nd3 e2+ 56. Kc1 Ng8 57. Ne1 Nf6 58. Nf3 Ng8 59. Ne1 Nf6 1/2-1/2

[Event "Cto. FACV Ind. Absoluto Xixona 2014"]
[Site "Xixona ESP"]
[Date "2014.10.18"]
[Round "3.1"]
[White "Garcia Ramos, Marcos"]
[Black "Cano Gimenez, Vicente"]
[Result "1/2-1/2"]
[WhiteElo "2141"]
[BlackElo "2265"]
[PlyCount "120"]
[EventDate "2014.09.27"]
[EventType "swiss"]
[EventRounds "7"]
[EventCountry "ESP"]
[Source "lmi"]
[SourceDate "2014.09.27"]

1. e4 c5 2. Nf3 g6 3. d4 cxd4 4. Nxd4 Nc6 5. Nc3 Bg7 6. Be3 Nf6 7. Bc4 Qa5 8.
O-O O-O 9. Nb3 Qc7 10. Bg5 a6 11. Be2 d6 12. Bxf6 exf6 13. Nd5 Qd8 14. c3 f5
15. exf5 Bxf5 16. Ne3 Be6 17. Bf3 Rc8 18. Qd2 Bh6 19. Rfe1 b5 20. Rad1 Ne5 21.
Bd5 Qf6 22. Qd4 Bxe3 23. Rxe3 Bxd5 24. Qxd5 Nc4 25. Re2 Rfe8 26. Rde1 Re5 27.
Rxe5 dxe5 28. Nc5 Qc6 29. Qxc6 Rxc6 30. b4 Rd6 31. Kf1 f6 32. Nb3 Nd2+ 33. Ke2
Ne4 34. Rc1 Rc6 35. Ke3 Nd6 36. Nc5 Kf7 37. Rd1 Ke7 38. Kd3 a5 39. a4 bxa4 40.
Ra1 axb4 41. cxb4 Rb6 42. Rxa4 Nb5 43. Kc4 f5 44. Ra5 Nc7 45. b5 Kd6 46. Na4
Rb7 47. b6 Ne6 48. Rd5+ Kc6 49. Rxe5 Nd8 50. Rc5+ Kd6 51. Kb5 Re7 52. Rc1 Re2
53. Rd1+ Ke7 54. Nc3 Rxf2 55. Nd5+ Kd6 56. Nf6+ Ke7 57. Rd7+ Kxf6 58. Rxd8 Rxg2
59. Kc6 Rc2+ 60. Kb5 Rb2+ 1/2-1/2

[Event "Cto. FACV Ind. Absoluto Xixona 2014"]
[Site "Xixona ESP"]
[Date "2014.10.18"]
[Round "3.2"]
[White "Bendayan Claros, Aaron"]
[Black "Sanchez Barbado, Carlos"]
[Result "1-0"]
[WhiteElo "2216"]
[BlackElo "2197"]
[PlyCount "87"]
[EventDate "2014.09.27"]
[EventType "swiss"]
[EventRounds "7"]
[EventCountry "ESP"]
[Source "lmi"]
[SourceDate "2014.09.27"]

1. d4 f5 2. Nc3 d5 3. Bf4 c6 4. e3 Nf6 5. Bd3 e6 6. Nf3 Be7 7. O-O O-O 8. Ne2
Ne4 9. c4 Nd7 10. Ne5 Nd6 11. Qc2 Qe8 12. b4 g5 13. Nxd7 Bxd7 14. Be5 Nf7 15.
cxd5 Nxe5 16. dxe6 Bxe6 17. dxe5 Qf7 18. Nd4 Kg7 19. Qc3 Kh6 20. f4 Rg8 21.
Nxe6 Qxe6 22. Bc4 Qg6 23. Bxg8 Rxg8 24. Rf3 Rd8 25. fxg5+ Bxg5 26. Raf1 Rg8 27.
Qc2 Re8 28. Rh3+ Kg7 29. Qxf5 Qxf5 30. Rxf5 Kg6 31. Rhf3 Bxe3+ 32. Kf1 Bd4 33.
Rf6+ Kg7 34. Rf7+ Kg8 35. Rxb7 Rxe5 36. Rff7 Re4 37. g3 Bb6 38. Rf4 Re3 39.
Rg4+ Kf8 40. Rc4 Rf3+ 41. Kg2 Rf2+ 42. Kh3 Rxa2 43. Rxc6 Ke8 44. Rxh7 1-0

[Event "Cto. FACV Ind. Absoluto Xixona 2014"]
[Site "Xixona ESP"]
[Date "2014.10.18"]
[Round "3.3"]
[White "Beltra Garcia, Ruben"]
[Black "Arias Igual, Alejandro"]
[Result "1/2-1/2"]
[WhiteElo "2116"]
[BlackElo "2276"]
[PlyCount "58"]
[EventDate "2014.09.27"]
[EventType "swiss"]
[EventRounds "7"]
[EventCountry "ESP"]
[Source "lmi"]
[SourceDate "2014.09.27"]

1. Nf3 d5 2. d4 e6 3. Nbd2 Nf6 4. e3 c5 5. c3 Be7 6. Bd3 O-O 7. O-O Nc6 8. Qe2
Qc7 9. dxc5 Bxc5 10. e4 dxe4 11. Nxe4 Nxe4 12. Qxe4 f5 13. Qh4 Be7 14. Bg5 Bxg5
15. Qxg5 Bd7 16. Rfe1 Rae8 17. Rad1 e5 18. Bc4+ Be6 19. Qh4 h6 20. Bxe6+ Rxe6
21. Qc4 Qf7 22. Nd4 Nxd4 23. Rxd4 exd4 24. Qxe6 Qxe6 25. Rxe6 dxc3 26. bxc3 Kf7
27. Rd6 Re8 28. Kf1 Re7 29. g4 Re6 1/2-1/2

[Event "Cto. FACV Ind. Absoluto Xixona 2014"]
[Site "Xixona ESP"]
[Date "2014.10.18"]
[Round "3.4"]
[White "Ramos Ferrandiz, Juan Carlos"]
[Black "Serarols Mabras, Bernat"]
[Result "0-1"]
[WhiteElo "2075"]
[BlackElo "2076"]
[PlyCount "92"]
[EventDate "2014.09.27"]
[EventType "swiss"]
[EventRounds "7"]
[EventCountry "ESP"]
[Source "lmi"]
[SourceDate "2014.09.27"]

1. d4 Nf6 2. Nf3 d5 3. c4 e6 4. g3 Be7 5. Bg2 O-O 6. O-O dxc4 7. Qc2 a6 8. a4
Nbd7 9. Rd1 c5 10. dxc5 Bxc5 11. Nbd2 Bxf2+ 12. Kh1 Ba7 13. Ng5 h6 14. Nh3 Qe7
15. Nxc4 Rb8 16. a5 b5 17. axb6 Bxb6 18. Nxb6 Nxb6 19. Nf2 Bb7 20. e4 Rbc8 21.
Qe2 Rfd8 22. Rxd8+ Qxd8 23. Bf4 Qd4 24. Rd1 Qc4 25. Qxc4 Nxc4 26. b3 e5 27.
bxc4 exf4 28. gxf4 Rxc4 29. Re1 Nh5 30. Nh3 Rc2 31. f5 a5 32. Kg1 a4 33. Bf3
Nf6 34. Ra1 Rc3 35. Kg2 Nxe4 36. Rb1 Rxf3 37. Rxb7 Rxf5 38. Ra7 Nc3 39. Ra8+
Kh7 40. Kg3 Rb5 41. Nf4 Rb3 42. Kg4 a3 43. Nd3 a2 44. Nc1 Rb1 45. Nxa2 Ra1 46.
Ra7 Rxa2 0-1